Media communication : (Record no. 36288)

MARC details
000 -LEADER
fixed length control field 01273cam a2200277 a 4500
001 - CONTROL NUMBER
control field 12934748
005 - DATE AND TIME OF LATEST TRANSACTION
control field 20050110152532.0
008 - FIXED-LENGTH DATA ELEMENTS--GENERAL INFORMATION
fixed length control field 020918s2003 enka b 001 0 eng
010 ## - LIBRARY OF CONGRESS CONTROL NUMBER
LC control number 2002035791
020 ## - INTERNATIONAL STANDARD BOOK NUMBER
International Standard Book Number 140390149X (pbk.)
040 ## - CATALOGING SOURCE
Original cataloging agency DLC
Transcribing agency DLC
Modifying agency DLC
050 00 - LIBRARY OF CONGRESS CALL NUMBER
Classification number P90
Item number .W29 2003
100 1# - MAIN ENTRY--PERSONAL NAME
Personal name Watson, James,
Dates associated with a name 1936-
245 10 - TITLE STATEMENT
Title Media communication :
Remainder of title an introduction to theory and process /
Statement of responsibility, etc James Watson.
250 ## - EDITION STATEMENT
Edition statement 2nd ed.
260 ## - PUBLICATION, DISTRIBUTION, ETC. (IMPRINT)
Place of publication, distribution, etc Houndmills, Basingstoke, Hampshire ;
-- New York :
Name of publisher, distributor, etc Palgrave Macmillan,
Date of publication, distribution, etc 2003.
300 ## - PHYSICAL DESCRIPTION
Extent xv, 368 p. :
Other physical details ill. ;
Dimensions 24 cm.
504 ## - BIBLIOGRAPHY, ETC. NOTE
Bibliography, etc Includes bibliographical references (p. 327-348) and index.
650 #0 - SUBJECT ADDED ENTRY--TOPICAL TERM
Topical term or geographic name as entry element Mass media.
856 42 - ELECTRONIC LOCATION AND ACCESS
Materials specified Contributor biographical information
Uniform Resource Identifier <a href="http://www.loc.gov/catdir/bios/hol052/2002035791.html">http://www.loc.gov/catdir/bios/hol052/2002035791.html</a>
856 42 - ELECTRONIC LOCATION AND ACCESS
Materials specified Publisher description
Uniform Resource Identifier <a href="http://www.loc.gov/catdir/description/hol032/2002035791.html">http://www.loc.gov/catdir/description/hol032/2002035791.html</a>
906 ## - LOCAL DATA ELEMENT F, LDF (RLIN)
a 7
b cbc
c orignew
d 1
e ocip
f 20
g y-gencatlg
942 ## - ADDED ENTRY ELEMENTS (KOHA)
Source of classification or shelving scheme Library of Congress Classification
Item type Book
Holdings
Withdrawn status Lost status Source of classification or shelving scheme Damaged status Not for loan Collection code Home library Current library Shelving location Date acquired Total Checkouts Total Renewals Full call number Barcode Date last seen Date last borrowed Price effective from Koha item type
    Library of Congress Classification     Non-fiction Bishop Okullu Memorial Library (Limuru Campus) Bishop Okullu Memorial Library (Limuru Campus) General Circulation 26/02/2010 29 1 P90 .W29 2003 016891 27/03/2024 20/03/2024 26/02/2010 Book